Southville International School and Colleges
Your cart is empty.
  • Cart
  • Lists
    Public lists list_1 View all
    Your lists Log in to create your own lists
  • Log in to your account
  • Your cookies
  • Search history
Southville International School and Colleges
  • Advanced search
  • Recent comments
  • Most popular
  • Libraries

Log in to your account

Log in with GOOGLE


If you do not have an external account, but do have a local account, you can still log in:

  1. Home
  2. MARC view: Production and operations management /
Normal view MARC view ISBD view

Production and operations management / (Record no. 289005)

[ view plain ]
MARC details
000 -LEADER
fixed length control field 00475nam a22001690 4500
001 - CONTROL NUMBER
control field ocn0538891084
003 - CONTROL NUMBER IDENTIFIER
control field PILC
005 - DATE AND TIME OF LATEST TRANSACTION
control field 20151203133448.0
008 - FIXED-LENGTH DATA ELEMENTS--GENERAL INFORMATION
fixed length control field 001115s1999 eng
020 ## - INTERNATIONAL STANDARD BOOK NUMBER
International Standard Book Number 9781121642492
050 ## - LIBRARY OF CONGRESS CALL NUMBER
Classification number TS 155
Item number .P964 2012
245 10 - TITLE STATEMENT
Title Production and operations management /
260 ## - PUBLICATION, DISTRIBUTION, ETC. (IMPRINT)
Name of publisher, distributor, etc McGraw-Hill Education,
Date of publication, distribution, etc 2012.
300 ## - PHYSICAL DESCRIPTION
Extent iii, 774 pages :
Other physical details illustrations ;
Dimensions 29 cm.
650 ## - SUBJECT ADDED ENTRY--TOPICAL TERM
Topical term or geographic name as entry element Production management.
942 ## - ADDED ENTRY ELEMENTS (KOHA)
Source of classification or shelving scheme Library of Congress Classification
Koha item type Books
Call number prefix Foreign
Holdings
Withdrawn status Lost status Source of classification or shelving scheme Damaged status Home library Current library Shelving location Date acquired Source of acquisition Cost, normal purchase price Total Checkouts Total Renewals Full call number Barcode Date last seen Date checked out Price effective from Koha item type
    Library of Congress Classification   College Library College Library Reserve Section 12/03/2015 Library Fund 0.00 2 6 TS 155 .P964 2012 C20300 10/02/2018 08/18/2018 12/03/2015 Books

Production and operations management /

APA

(2012). Production and operations management. : McGraw-Hill Education.

Chicago

2012. Production and operations management. : McGraw-Hill Education.

Harvard

(2012). Production and operations management. : McGraw-Hill Education.

MLA

Production and operations management. : McGraw-Hill Education. 2012.

  • Place hold
  • Print
  • Cite
  • Add to your cart (remove)
  • Save record
    BIBTEX Dublin Core MARCXML MARC (non-Unicode/MARC-8) MARC (Unicode/UTF-8) MARC (Unicode/UTF-8, Standard) MODS (XML) RIS
  • More searches
    Search for this title in:
    Other Libraries (WorldCat) Other Databases (Google Scholar) Online Stores (Bookfinder.com) Open Library (openlibrary.org)

Exporting to Dublin Core...

SOUTHVILLE LIBRARY

Southville International School and Colleges Library

1281 Tropical Ave. Cor. Luxembourg St., BF Homes International, Las Pinas City

Tel. No. 8256374 / 252358 Loc. 117/146

Powered by Koha